Medicina Legal (Registro nro. 4696)

Detalles MARC
000 -Cabecera
Campo de control de longitud fija 00818aam a2200325 4500
005 - Fecha y hora de la última transacción
Campo de control 20250623133331.0
008 - Elementos de longitud fija--Información general
Campo de control de longitud fija 150416b2001 xxu||||| |||| 00| 0 spa d
020 ## - International Standard Book Number
Número Internacional Estándar del Libro (ISBN) 9562201945
041 ## - Idioma
Código de idioma Español
082 ## - Clasificación Decimal Dewey
Número de clasificación 614.1 T266m2
100 ## - Entrada principal--Autor personal
Nombre personal Teke, Alberto
9 (RLIN) 36304
245 ## - Título propiamente dicho
Título Medicina Legal
250 ## - Edición
Mención de edición 2 edición
260 ## - Pie de imprenta
Lugar de publicación, distribución, etc. Chile
260 ## - Pie de imprenta
Nombre del editor, distribuidor, etc. Mediterraneo
260 ## - Pie de imprenta
Fecha de publicación, distribución, etc. 2001
300 ## - Descripción física
Extensión 434 páginas
490 ## - Serie
Título de la Serie Investigación Criminal
650 ## - Materia general
Temática (materia general) MEDICINA LEGAL
650 ## - Materia general
Temática (materia general) LESIONOLOGÍA
650 ## - Materia general
Temática (materia general) TOXICOLOGÍA
650 ## - Materia general
Temática (materia general) IDENTIFICACIÓN HUMANA
650 ## - Materia general
Temática (materia general) ODONTOLOGÍA LEGAL
650 ## - Materia general
Temática (materia general) ANTROPOLOGÍA FORENSE
650 ## - Materia general
Temática (materia general) SEXOLOGÍA FORENSE
650 ## - Materia general
Temática (materia general) GENÉTICA HUMANA
650 ## - Materia general
Temática (materia general) PSIQUIATRÍA LEGAL
650 ## - Materia general
Temática (materia general) MEDICINA CRIMINALÍSTICA
942 ## - Punto de acceso adicional KOHA
Tipo de ítem KOHA Libro
Fuente del sistema de clasificación o colocación Dewey Decimal Classification
Existencias
Signatura completa Código de barras Programa Académico Tipo de ítem
614.1 T266m2 8950 Investigación Criminal Libro